| 000 | 00398nam a2200121Ia 4500 | ||
|---|---|---|---|
| 008 | 180117s9999 xx 000 0 und d | ||
| 100 | _aby Mary Angela BArlongay, Sara Grace Fojas, and Cessa Gatmaytan | ||
| 245 | _aNew Gen | ||
| 260 | _c2017 | ||
| 300 | _a12-14 pages, 2017 January 22 | ||
| 440 | _aPhilippine Panorama | ||
| 650 | _aBOOKS AND AUTHORS TO WATCH OUT FOR IN THE FICTION WORLD THIS 2017 | ||
| 999 |
_c353633 _d353633 |
||